<?xml version="1.0" encoding="UTF-8"?>
<record
    xmlns:xsi="http://www.w3.org/2001/XMLSchema-instance"
    xsi:schemaLocation="http://www.loc.gov/MARC21/slim http://www.loc.gov/standards/marcxml/schema/MARC21slim.xsd"
    xmlns="http://www.loc.gov/MARC21/slim">

  <leader>01032nam a2200205 a 4500</leader>
  <controlfield tag="001">000044375</controlfield>
  <controlfield tag="005">20201002045329.0</controlfield>
  <controlfield tag="008">140626s2004    dr ac         000 0 spa d</controlfield>
  <datafield tag="040" ind1=" " ind2=" ">
    <subfield code="a">DO-SdBNP</subfield>
    <subfield code="b">spa</subfield>
    <subfield code="c">BNPHU</subfield>
  </datafield>
  <datafield tag="082" ind1=" " ind2=" ">
    <subfield code="a">xxxx</subfield>
    <subfield code="b">xxxx</subfield>
  </datafield>
  <datafield tag="100" ind1="1" ind2=" ">
    <subfield code="a">Morales, Violeta</subfield>
    <subfield code="9">36938</subfield>
  </datafield>
  <datafield tag="245" ind1="1" ind2="0">
    <subfield code="a">Gu&#xED;a didactica I :</subfield>
    <subfield code="b">educaci&#xF3;n ambiental /</subfield>
    <subfield code="c">Violeta Morales, Jos&#xE9; Contreras, Josefina Espaillat.</subfield>
  </datafield>
  <datafield tag="260" ind1=" " ind2=" ">
    <subfield code="a">Santo Domingo :</subfield>
    <subfield code="b">SEE,</subfield>
    <subfield code="c">2004.</subfield>
  </datafield>
  <datafield tag="300" ind1=" " ind2=" ">
    <subfield code="a">xii, [85] p. :</subfield>
    <subfield code="b">il., retrs. ;</subfield>
    <subfield code="c">27 cm.</subfield>
  </datafield>
  <datafield tag="504" ind1=" " ind2=" ">
    <subfield code="a">Bibliograf&#xED;a : p. 84 [85]</subfield>
  </datafield>
  <datafield tag="505" ind1="0" ind2=" ">
    <subfield code="g">Nivel b&#xE1;sico. Primer ciclo --</subfield>
    <subfield code="t">Residuos s&#xF3;lidos, su impacto ambiental --</subfield>
    <subfield code="t">Residuos s&#xF3;lidos urbano y rurales --</subfield>
    <subfield code="t">Generaci&#xF3;n de desechos s&#xF3;lidos --</subfield>
    <subfield code="t">Composici&#xF3;n de residuos s&#xF3;lidos --</subfield>
    <subfield code="t">Caracter&#xED;sticas de basura --</subfield>
    <subfield code="t">Problemas de salud asociados a los desechos s&#xF3;lidos --</subfield>
    <subfield code="t">Problemas ambientales asociados a la basura --</subfield>
  </datafield>
  <datafield tag="700" ind1="1" ind2="2">
    <subfield code="a">Contreras, Jos&#xE9;</subfield>
    <subfield code="9">72379</subfield>
  </datafield>
  <datafield tag="700" ind1="1" ind2="2">
    <subfield code="a">Espaillat, Josefina</subfield>
    <subfield code="9">54521</subfield>
  </datafield>
  <datafield tag="710" ind1="2" ind2="2">
    <subfield code="a">Secretar&#xED;a de Estado de Educaci&#xF3;n SEE, (Rep&#xFA;blica Dominicana)</subfield>
    <subfield code="9">72380</subfield>
  </datafield>
  <datafield tag="952" ind1=" " ind2=" ">
    <subfield code="0">0</subfield>
    <subfield code="1">0</subfield>
    <subfield code="7">1</subfield>
    <subfield code="8">PD</subfield>
    <subfield code="a">PD</subfield>
    <subfield code="b">PD</subfield>
    <subfield code="c">HD</subfield>
    <subfield code="d">2014-06-26</subfield>
    <subfield code="i">LF1</subfield>
    <subfield code="l">0</subfield>
    <subfield code="o">xxxx xxxx</subfield>
    <subfield code="p">44375-10</subfield>
    <subfield code="r">2020-06-25</subfield>
    <subfield code="w">2020-06-25</subfield>
    <subfield code="y">LFPD</subfield>
    <subfield code="Z">No se presta</subfield>
  </datafield>
  <datafield tag="999" ind1=" " ind2=" ">
    <subfield code="c">43864</subfield>
    <subfield code="d">43864</subfield>
  </datafield>
</record>
